000
00236nam a2200097Ia 4500
005
20251222114416.0
008
251222s1900||||xx |||||||||||||| ||spa||
082
_a
DVD0070/M22/2005
245
0
_a
Voces inocentes:vozes inocentes
942
_c
DVD
999
_c
2250
_d
2250